00439nam a2200157 a 4500008004100000020001500041050001600056100002200072245002200094260004000116300002800156350000900184500002000193650003900213700002900252120416s1984 ||||||||||||||||| || u a0395314895 aQD 31.2 Ebb aEbbing, Darrell D10aGeneral chemistry aBoston :bHoughton Mifflin Coc1984 axxiv, 970, (98)p. : ill a0.00 aIncludes index. 0aCHEMISTRY--HANDBOOKS, MANUALS, ETC aWrighton, Mark S., 1949-